| 000 | 00958nam a22002897a 4500 | ||
|---|---|---|---|
| 003 | CHAP | ||
| 005 | 20220329134050.0 | ||
| 008 | 971013s1980 r 00010 d | ||
| 010 | _a14893 | ||
| 011 | _a15865 | ||
| 035 | _a19942 | ||
| 040 | _cCHAP | ||
| 082 |
_a636.13 _bB4 |
||
| 100 | 0 | 0 |
_aBeranger, C. _eed. _911722 |
| 245 | _aEnergy and protein feeding standards applied to the rearing and of beef cattle | ||
| 260 |
_aParis : _bInstitu National de la Recherche Agronomique, _c1980 |
||
| 300 |
_a424 p. _b; gráfs. |
||
| 590 |
_aBATCH-UPD _b10 _c20130110 _lUCH01 _h2147 |
||
| 590 |
_aBATCH-UPD _b10 _c20130410 _lUCH01 _h1455 |
||
| 590 |
_aBATCH-UPD _b10 _c20130914 _lUCH01 _h0606 |
||
| 590 |
_aCONVERSION _b10 _c20130109 _lUCH01 _h1309 |
||
| 650 | 1 | 4 |
_aGanado de carne _xCongresos. _945076 |
| 650 | 1 | 4 |
_aGanado de carne _xNutrición. _945099 |
| 901 | _aBK | ||
| 942 | _cLIBRO | ||
| 949 |
_a636.13 B4 _bBC _cLIBRO _d33724000266037 _eLIBRO _h59906 _i19942 _si _t1309.95 |
||
| 999 |
_c14893 _d14893 |
||